1027 1389 1468 1647 1431 1784 1953 1979 1222 1873 1570 1989 1155 1790 1844 1509 1239 1765 1253 1486 1394 1246 1351 1679 1787 1290 1086 1089 1593 1537 1998 1307 1944 1945 1483 1883 1700 1224 1353 1623 1455 1497 1191 1785 1467 1220 1368 1702 1599 1510 1076 1960 1520 1826 1086 1013 1362 1083 1098 1338 1189 1029 1086 1870 1376 1768 1772 1227 1910 1165 1502 1537 1690 1418 1488 1352 1315 1235 1111 1086 1484 1941 1580 1547 1221 1485 1891 1588 1642 1369 1762 1807 1102 1478 1146 1703 1418 1886 1811 BCNSPRNW ULIB Ver.6.0+V

เปลี่ยนเป็นภาษาไทย

Change to English
 แสดงรายละเอียดบรรณานุกรม
  กลับหน้าหลัก

Brief Record : Get Marc (ISO 2709) : E-mail record : QR code < ปิดหน้าต่าง
LEADER : 00000nas 2200000uu 4500
001    13399122411
003     ULIB
008    020711s|||| th a 000 0 tha d
020    19068212
110    กรมอนามัย
245    วารสารสุขาภิบาลอาหารและน้ำ(วิทยาเขตนครสวรรค์)/^cกรมอนามัย
260    นนทบุรี :^bกรมอนามัย
310    ^aรายสี่เดือน
850 ^a ULIB:campus^bปีที่ 4 ฉบับที่ 1 ;ปีที่ 4 ฉบับที่ 1 ฉ.2 ;ปีที่ 4 ฉบับที่ 1 ฉ.3 ;ปีที่ 4 ฉบับที่ 2 ;ปีที่ 5 ฉบับที่ 1 ;ปีที่ 7 ฉบับที่ 2 ฉ.1
945    ^p0^l0^i800473
945    ^p0^l0^i800474
945    ^p0^l0^i800475
945    ^p0^l0^i800590
945    ^p0^l0^i800839
945    ^p0^l0^i801675
999    ^aทศพร เกษรทอง
รายการนี้ยังไม่มีแท็ก
คุณยังไม่ได้ล็อกอิน คุณสามารถมีกิจกรรมร่วมกับเว็บไซต์ได้ แต่ต้องล็อกอินก่อน ::
  ล็อกอิน

รายการสื่อสารสนเทศ (วารสาร)

ดูแบบ: กล่อง รายการ
ARRIVED
ปีที่ 4 ฉบับที่ 1
สถานที่: ห้องสมุดวิทยาเขตสวรรค์ประชารักษ์ >วารสาร
ARRIVED
ปีที่ 4 ฉบับที่ 2
สถานที่: ห้องสมุดวิทยาเขตสวรรค์ประชารักษ์ >วารสาร
ARRIVED
ปีที่ 5 ฉบับที่ 1
สถานที่: ห้องสมุดวิทยาเขตนครสวรรค์ >วารสาร
ARRIVED
ปีที่ 7 ฉบับที่ 2 ฉ.1
สถานที่: ห้องสมุดวิทยาเขตนครสวรรค์ >วารสาร

BibComment


ยังไม่เคยถูกคอมเมนท์

คอมเมนท์ทรัพยากรรายการนี้
  คอมเมนท์: วารสารสุขาภิบาลอา..


 Copyright 2026. Bcnsprnw @Library